00743cam a22002057a 4500003000500000005001700005008004100022010001000063011001000073035001000083040000900093100003200102245016100134260003900295300002100334502008500355650004200440650002800482650002700510CHAP20220329135646.0971013s1972 r 00010 d a40072 a41044 a45170 cCHAP00aMorales Martínez, Ramiro. 0aPrueba comparativa de adaptación y rendimiento de 5 variedades de zanahoria (Daucus carota var. sativa) para la región de General Terán, Nuevo León. aMonterrey, N.L. :bEl autor,c1972 a55 h.b; gráfs aTesis (Ing. Agrónomo) -- Univ. Autónoma de Nuevo León. Fac. de Agronomía14aZanahoriaxEfecto del medio ambiente.14aZanahoriaxRendimiento.14aZanahoriaxVariedades.